| 000 | 01016cam a2200361 4500 | ||
|---|---|---|---|
| 008 | 090401t1997 xxu||||| |||| 00| 0 eng d | ||
| 020 | _a0863421032 | ||
| 035 | _a(Sirsi) u79800 | ||
| 041 | _aeng | ||
| 050 | _a711.1 | ||
| 100 | _aWeston, Joe | ||
| 245 | _aEnvironmental statements, environmental information and planning projects. | ||
| 260 |
_aOxford _bOxford Brookes University _c1997 |
||
| 300 | _aiii,67,11p. ; 30cm. | ||
| 350 | _a5 | ||
| 490 |
_aWorking Paper _v170 |
||
| 650 | _aENVIRONMENTAL IMPACT ASSESSMENTS | ||
| 650 | _aENVIRONMENTAL INFORMATION | ||
| 650 | _aENVIRONMENTAL STATEMENTS | ||
| 650 | _aMINERAL EXTRACTION | ||
| 650 | _aPLANNING | ||
| 650 | _aRESERVOIRS | ||
| 650 | _aSEWAGE TREATMENT WORKS | ||
| 650 | _aWINDFARMS | ||
| 690 | _aPLANNING LAW AND PRACTICE | ||
| 700 | _aGlasson, John | ||
| 700 | _aTherivel, Riki | ||
| 700 | _aWilson, Elizabeth | ||
| 700 | _aFrost, Richard | ||
| 710 |
_aOxford Brookes University _9281 |
||
| 942 | _n0 | ||
| 948 | _c22/07/1997 | ||
| 999 |
_c96563 _d96563 |
||